[Event "EU-ch U18 Girls"]
[Site "Herceg Novi"]
[Date "2006.09.18"]
[Round "8"]
[White "Kublashvili, Etery"]
[Black "Ivanova, Tatiana"]
[Result "1-0"]
[WhiteElo "2149"]
[BlackElo "2158"]
[PlyCount "71"]
[EventDate "2006.09.10"]
[EventType "swiss"]
[EventRounds "9"]
[EventCountry "MNE"]
[SourceTitle "CBM 114 Extra"]
[Source "ChessBase"]
[SourceDate "2006.11.03"]
[SourceVersion "1"]
[SourceVersionDate "2006.11.03"]
[SourceQuality "1"]

1. d4 d5 2. c4 e6 3. Nc3 Nf6 4. cxd5 exd5 5. Bg5 Be7 6. e3 c6 7. Qc2 Nbd7 8. Bd3 Nh5 9. Bxe7 Qxe7 10. Nge2 g6 11. g4 Ng7 12. Ng3 Nb6 13. Qe2 Be6 14. h4 h5 15. g5 0-0-0 16. a4 a5 17. Qc2 Nc4 18. Qb3 Kc7 19. Rc1 f6 20. gxf6 Qxf6 21. Nce2 g5 22. hxg5 Qxg5 23. Rg1 Qf6 24. Qc3 h4 25. Nh1 Nh5 26. b3 Nb6 27. Qxa5 Rdg8 28. Kd2 Bf5 29. Nc3 Qe6 30. Rxg8 Rxg8 31. Nb5+ Kd7 32. Qxb6 Bxd3 33. Qxb7+ Kd8 34. Rxc6 Qxc6 35. Qxc6 Bxb5 36. Qxd5+ 1-0

[Event "EU-ch U18 Girls"]
[Site "Herceg Novi"]
[Date "2006.09.17"]
[Round "7"]
[White "Steil Antoni, Fiona"]
[Black "Kublashvili, Etery"]
[Result "0-1"]
[WhiteElo "2031"]
[BlackElo "2149"]
[PlyCount "90"]
[EventDate "2006.09.10"]
[EventType "swiss"]
[EventRounds "9"]
[EventCountry "MNE"]
[SourceTitle "CBM 114 Extra"]
[Source "ChessBase"]
[SourceDate "2006.11.03"]
[SourceVersion "1"]
[SourceVersionDate "2006.11.03"]
[SourceQuality "1"]

1. e4 c5 2. Nf3 d6 3. c3 Nf6 4. Be2 Nc6 5. d4 cxd4 6. cxd4 e6 7. Nc3 d5 8. exd5 Nxd5 9. 0-0 Be7 10. a3 0-0 11. Bd3 Bf6 12. Bc2 g6 13. Bh6 Bg7 14. Bxg7 Kxg7 15. Qd2 b6 16. Rad1 Bb7 17. Ne5 Rc8 18. Ng4 Qh4 19. f3 Nce7 20. Nb5 Ba6 21. Bd3 Nf5 22. Rfe1 Bxb5 23. Bxb5 Rfd8 24. g3 Qe7 25. Ne5 Qb7 26. Qe2 Rc7 27. Ba6 Qa8 28. Qf2 Rd6 29. g4 Nf4 30. Kh1 Ne7 31. Qg3 g5 32. Re4 Rc2 33. Rxf4 gxf4 34. Qxf4 f6 35. Nc4 Ng6 36. Qe3 Rd7 37. Kg1 Qb8 38. Nd2 Qf4 39. Nf1 Qxe3+ 40. Nxe3 Rxb2 41. Bc8 Rd8 42. Bxe6 Nf4 43. Nf5+ Kf8 44. Bc4 Nh3+ 45. Kf1 Rf2+ 0-1

[Event "Bykova Memorial-B (Women)"]
[Site "Vladimir"]
[Date "2005.12.18"]
[Round "13"]
[White "Tairova, Elena"]
[Black "Kublashvili, Etery"]
[Result "1/2-1/2"]
[WhiteElo "2277"]
[BlackElo "2049"]
[PlyCount "77"]
[EventDate "2005.12.07"]
[EventType "tourn"]
[EventRounds "13"]
[EventCountry "RUS"]
[SourceTitle "CBM 109 Extra"]
[Source "ChessBase"]
[SourceDate "2006.01.03"]
[SourceVersion "2"]
[SourceVersionDate "2006.01.03"]
[SourceQuality "1"]

1. e4 c5 2. Nf3 d6 3. Bb5+ Bd7 4. Bxd7+ Qxd7 5. 0-0 Nc6 6. c3 Nf6 7. Re1 e6 8. d4 cxd4 9. cxd4 d5 10. e5 Ne4 11. Nbd2 Nxd2 12. Bxd2 Be7 13. Rc1 0-0 14. a3 Rfc8 15. Rc3 Bd8 16. Rd3 f5 17. exf6 Bxf6 18. Bf4 Rf8 19. Bg3 Rae8 20. h3 Ne7 21. Ne5 Bxe5 22. Bxe5 Ng6 23. Bg3 Rf6 24. Rc3 Qb5 25. Qe2 Qb6 26. Qd2 Ref8 27. b4 Nf4 28. Re5 a5 29. Rf3 axb4 30. axb4 Ng6 31. Rxf6 Rxf6 32. Re1 Ne7 33. Be5 Rf5 34. Ra1 Nc6 35. Ra8+ Rf8 36. Rxf8+ Kxf8 37. Bd6+ Kg8 38. Qe3 Nd8 39. Be7 1/2-1/2

[Event "Bykova Memorial-B (Women)"]
[Site "Vladimir"]
[Date "2005.12.13"]
[Round "9"]
[White "Kublashvili, Etery"]
[Black "Molkova, Oksana"]
[Result "1/2-1/2"]
[WhiteElo "2049"]
[BlackElo "2147"]
[PlyCount "104"]
[EventDate "2005.12.07"]
[EventType "tourn"]
[EventRounds "13"]
[EventCountry "RUS"]
[SourceTitle "CBM 109 Extra"]
[Source "ChessBase"]
[SourceDate "2006.01.03"]
[SourceVersion "2"]
[SourceVersionDate "2006.01.03"]
[SourceQuality "1"]

1. d4 d5 2. c4 c6 3. Nf3 Nf6 4. Nc3 e6 5. e3 Nbd7 6. Qc2 a6 7. a4 Bd6 8. Be2 0-0 9. 0-0 e5 10. cxd5 cxd5 11. dxe5 Nxe5 12. Rd1 Be6 13. Nxe5 Bxe5 14. f4 Bb8 15. Bf3 Qc7 16. Bd2 Ba7 17. Kh1 d4 18. exd4 Bxd4 19. Be1 Be3 20. f5 Bd7 21. Bg3 Bf4 22. Bh4 Be5 23. Rac1 Rad8 24. Qb3 Qa5 25. Qxb7 Rb8 26. Qa7 Bxf5 27. Nd5 Qxa4 28. Ne7+ Kh8 29. Bxf6 gxf6 30. Nxf5 Qf4 31. Ng3 Rxb2 32. Qxa6 Qh6 33. Nh5 Rbb8 34. Rc5 Qg5 35. Qc4 Qe3 36. Rc6 Rbd8 37. Rf1 Qh6 38. Qe4 Qg6 39. Qh4 Rd4 40. Qh3 Qg5 41. Rc8 Rdd8 42. Rc4 Rd4 43. Rxd4 Bxd4 44. Qd7 Qe3 45. Qd6 Re8 46. Nxf6 Qf2 47. Be2 Qxe2 48. Qf4 Bxf6 49. Qxf6+ Kg8 50. Qxf7+ Kh8 51. h3 Qe5 52. Rf5 Qe6 1/2-1/2

[Event "Bykova Memorial-B (Women)"]
[Site "Vladimir"]
[Date "2005.12.11"]
[Round "6"]
[White "Mamedjarova, Turkan"]
[Black "Kublashvili, Etery"]
[Result "1-0"]
[WhiteElo "2188"]
[BlackElo "2049"]
[PlyCount "161"]
[EventDate "2005.12.07"]
[EventType "tourn"]
[EventRounds "13"]
[EventCountry "RUS"]
[SourceTitle "CBM 109 Extra"]
[Source "ChessBase"]
[SourceDate "2006.01.03"]
[SourceVersion "2"]
[SourceVersionDate "2006.01.03"]
[SourceQuality "1"]

1. d4 Nf6 2. Nf3 g6 3. e3 Bg7 4. b3 0-0 5. Bb2 d6 6. Bd3 c6 7. 0-0 Nbd7 8. Nbd2 Qc7 9. c4 e5 10. Qc2 Re8 11. Rfd1 b6 12. a4 a5 13. c5 bxc5 14. dxe5 dxe5 15. e4 Rb8 16. Bc3 Nh5 17. Nc4 Rb4 18. Bf1 Bf8 19. Bxb4 cxb4 20. Rac1 Nhf6 21. Nb2 Nc5 22. Nd2 Bb7 23. f3 Ne6 24. Nd3 Bh6 25. Rb1 Ba6 26. Nf2 Nd4 27. Qb2 Be2 28. Re1 Bxf1 29. Nxf1 Nd7 30. Nd3 Qd6 31. Red1 c5 32. Nf2 Nf6 33. Kh1 Qe6 34. Nd3 Rc8 35. Nd2 Bxd2 36. Rxd2 Nd7 37. f4 f6 38. fxe5 fxe5 39. Rf2 Nf6 40. Re1 Ng4 41. Rff1 Qxb3 42. Qd2 Qe6 43. h3 Nf6 44. Qg5 Nd7 45. Nf2 Qf6 46. Qg4 Qe6 47. Qg5 Qf6 48. Qc1 Qf4 49. Qc4+ Qf7 50. Qa6 Rc6 51. Qxa5 Rf6 52. Kg1 h5 53. Qd8+ Kg7 54. a5 Nc6 55. Qc7 Ndb8 56. Qb6 Nd7 57. Qb5 Nd4 58. Qb7 Nc6 59. a6 Ndb8 60. Qb6 Qa7 61. Qb5 Qxa6 62. Qxc5 Qa5 63. Qxa5 Nxa5 64. Nd3 Nbc6 65. Rb1 b3 66. Rxf6 Kxf6 67. Rc1 Ke6 68. Rc5 Kd6 69. Rb5 Kc7 70. Kf2 Nc4 71. Rxb3 Nd2 72. Ra3 Nxe4+ 73. Ke3 Nd6 74. Ra8 Kd7 75. Ra6 Nf5+ 76. Ke4 Nd6+ 77. Kd5 Ne7+ 78. Kxe5 Ndf5 79. Nc5+ Kd8 80. Ne6+ Ke8 81. Kf6 1-0

[Event "Bykova Memorial-B (Women)"]
[Site "Vladimir"]
[Date "2005.12.10"]
[Round "4"]
[White "Khudaverdieva, Afag"]
[Black "Kublashvili, Etery"]
[Result "1/2-1/2"]
[WhiteElo "2194"]
[BlackElo "2049"]
[PlyCount "52"]
[EventDate "2005.12.07"]
[EventType "tourn"]
[EventRounds "13"]
[EventCountry "RUS"]
[SourceTitle "CBM 109 Extra"]
[Source "ChessBase"]
[SourceDate "2006.01.03"]
[SourceVersion "2"]
[SourceVersionDate "2006.01.03"]
[SourceQuality "1"]

1. d4 Nf6 2. c4 e6 3. Nc3 Bb4 4. Qc2 c5 5. dxc5 Bxc5 6. Nf3 Qb6 7. e3 Qc7 8. Be2 b6 9. 0-0 a6 10. b3 Bb7 11. Bb2 Be7 12. Rac1 0-0 13. Rfd1 d6 14. Qb1 Nbd7 15. Ng5 h6 16. Nge4 Rfd8 17. Ba3 Nxe4 18. Nxe4 Nc5 19. Ng3 Rac8 20. Bb2 Bf8 21. b4 Nd7 22. Nh5 e5 23. Bg4 Qc6 24. Bf3 Qc7 25. Bg4 Qc6 26. Bf3 Qc7 1/2-1/2

[Event "Bykova Memorial-B (Women)"]
[Site "Vladimir"]
[Date "2005.12.09"]
[Round "3"]
[White "Kublashvili, Etery"]
[Black "Dornbusch, Tatiana"]
[Result "1/2-1/2"]
[WhiteElo "2049"]
[BlackElo "2130"]
[PlyCount "56"]
[EventDate "2005.12.07"]
[EventType "tourn"]
[EventRounds "13"]
[EventCountry "RUS"]
[SourceTitle "CBM 109 Extra"]
[Source "ChessBase"]
[SourceDate "2006.01.03"]
[SourceVersion "2"]
[SourceVersionDate "2006.01.03"]
[SourceQuality "1"]

1. e4 e5 2. Nf3 Nc6 3. Bb5 a6 4. Ba4 Nf6 5. 0-0 Be7 6. Re1 b5 7. Bb3 d6 8. c3 0-0 9. h3 Nb8 10. d4 Nbd7 11. Nbd2 Bb7 12. Bc2 Re8 13. Nf1 Bf8 14. Ng3 g6 15. a4 Nb6 16. axb5 axb5 17. Rxa8 Qxa8 18. Bg5 Bg7 19. Qe2 exd4 20. Bxf6 Bxf6 21. cxd4 Qa5 22. Bd3 Qb4 23. Bxb5 c6 24. Bd3 Bxd4 25. Nxd4 Qxd4 26. Rd1 Qe5 27. Ba6 Bxa6 28. Qxa6 Qc5 1/2-1/2

[Event "RUS Summer U16 Girls 2nd"]
[Site "Satka"]
[Date "2005.07.03"]
[Round "6"]
[White "Kublashvili, Etery"]
[Black "Meleshko, Anna"]
[Result "1-0"]
[WhiteElo "2069"]
[BlackElo "2259"]
[PlyCount "73"]
[EventDate "2005.06.27"]
[EventType "swiss"]
[EventRounds "9"]
[EventCountry "RUS"]
[SourceTitle "CBM 107 Extra"]
[Source "ChessBase"]
[SourceDate "2005.09.01"]
[SourceVersion "1"]
[SourceVersionDate "2005.09.01"]
[SourceQuality "1"]

1. c4 Nf6 2. Nc3 d6 3. g3 Nbd7 4. Bg2 e5 5. d3 c6 6. e4 Be7 7. Nge2 0-0 8. 0-0 Re8 9. h3 Nc5 10. b4 Ne6 11. Rb1 a5 12. a3 Qc7 13. f4 axb4 14. axb4 Rd8 15. f5 Nf8 16. g4 Ne8 17. Be3 Nd7 18. Qe1 Nb6 19. Qf2 c5 20. g5 f6 21. h4 Bd7 22. Rb2 Rdb8 23. Rfb1 Ra6 24. Bf3 Bf8 25. Qg3 Qd8 26. Bh5 Kh8 27. Kh1 Na4 28. Nxa4 Rxa4 29. bxc5 Bc6 30. Bxe8 Qxe8 31. gxf6 gxf6 32. Rg1 Qf7 33. Nc3 Ra3 34. Rbg2 Be7 35. Bh6 Rxc3 36. Bg7+ Kg8 37. Bf8+ 1-0

[Event "RUS-ch (Women) 1st League"]
[Site "Kolontaevo"]
[Date "2005.01.??"]
[Round "1"]
[White "Kublashvili, Etery"]
[Black "Borisova, Elizaveta"]
[Result "0-1"]
[WhiteElo "2049"]
[BlackElo "2198"]
[PlyCount "90"]
[EventDate "2005.01.??"]
[EventType "swiss"]
[EventRounds "9"]
[EventCountry "RUS"]
[SourceTitle "EXT 2006"]
[Source "ChessBase"]
[SourceDate "2005.11.24"]
[SourceVersion "1"]
[SourceVersionDate "2005.11.24"]
[SourceQuality "1"]

1. c4 e5 2. Nc3 d6 3. g3 Be6 4. d3 g6 5. Bg2 c6 6. e4 Bg7 7. Nge2 Nf6 8. 0-0 0-0 9. Kh1 d5 10. cxd5 cxd5 11. f4 dxe4 12. dxe4 Nc6 13. fxe5 Ng4 14. Qxd8 Raxd8 15. Bg5 Rc8 16. Nd5 Ngxe5 17. Nef4 Nc4 18. Bf6 Bxf6 19. Nxf6+ Kg7 20. N6d5 Bg4 21. h3 Bd7 22. b3 N4e5 23. g4 h6 24. Rad1 Nb8 25. Rf2 Na6 26. Nd3 Nxd3 27. Rxd3 Rc1+ 28. Kh2 Nc5 29. Rdd2 Re1 30. Rfe2 Rxe2 31. Rxe2 Re8 32. b4 Ne6 33. Rc2 Bc6 34. Kg3 Ba4 35. Rc3 Bc6 36. h4 g5 37. h5 Nd4 38. Rc4 Nb5 39. Ne3 Nd6 40. Nf5+ Nxf5+ 41. gxf5 Rd8 42. e5 Rd3+ 43. Kh2 Rd2 44. Rg4 Rxa2 45. Kh3 Bxg2+ 0-1

[Event "Moscow Petrosian Memorial U18"]
[Site "Moscow"]
[Date "2005.01.??"]
[Round "4"]
[White "Kublashvili, Etery"]
[Black "Tologontegin, Semetey"]
[Result "0-1"]
[WhiteElo "2069"]
[BlackElo "2238"]
[PlyCount "66"]
[EventDate "2005.01.??"]
[EventType "swiss"]
[EventRounds "9"]
[EventCountry "RUS"]
[SourceTitle "EXT 2006"]
[Source "ChessBase"]
[SourceDate "2005.11.24"]
[SourceVersion "1"]
[SourceVersionDate "2005.11.24"]
[SourceQuality "1"]

1. d4 d5 2. c4 c6 3. Nf3 Nf6 4. Nc3 a6 5. c5 Nbd7 6. Bf4 Nh5 7. e3 g6 8. Be2 Nxf4 9. exf4 Bg7 10. 0-0 0-0 11. Qd2 f6 12. b4 e5 13. fxe5 fxe5 14. dxe5 Nxe5 15. Nxe5 Bxe5 16. f4 Bg7 17. Rad1 Qf6 18. Na4 Be6 19. Nb6 Rad8 20. a4 Rde8 21. b5 axb5 22. axb5 Bh6 23. g3 Bh3 24. Rf2 g5 25. g4 gxf4 26. bxc6 bxc6 27. Nxd5 cxd5 28. Qxd5+ Kh8 29. Qh5 Rxe2 30. Rxe2 f3 31. Rf2 Bg2 32. Re1 Be3 33. g5 Qd4 0-1

[Event "Moscow Petrosian Memorial U18"]
[Site "Moscow"]
[Date "2005.01.??"]
[Round "8"]
[White "Nguyen, Viet Tuong"]
[Black "Kublashvili, Etery"]
[Result "1-0"]
[WhiteElo "2208"]
[BlackElo "2069"]
[PlyCount "61"]
[EventDate "2005.01.??"]
[EventType "swiss"]
[EventRounds "9"]
[EventCountry "RUS"]
[SourceTitle "EXT 2006"]
[Source "ChessBase"]
[SourceDate "2005.11.24"]
[SourceVersion "1"]
[SourceVersionDate "2005.11.24"]
[SourceQuality "1"]

1. e4 c5 2. Nf3 d6 3. d4 cxd4 4. Nxd4 Nf6 5. Nc3 a6 6. Be3 e5 7. Nb3 Be6 8. f3 Nbd7 9. Qd2 Be7 10. g4 h6 11. 0-0-0 b5 12. h4 Nb6 13. Qf2 Nfd7 14. Kb1 Qc7 15. Nd5 Bxd5 16. exd5 Rc8 17. Rh2 Nc4 18. Bc1 Qb6 19. Qe1 Nc5 20. Nxc5 Qxc5 21. f4 0-0 22. g5 Rfe8 23. f5 h5 24. f6 Bf8 25. g6 Rc7 26. Qe4 Rec8 27. Bh3 Rb8 28. gxf7+ Kxf7 29. Be6+ Ke8 30. Qg6+ Kd8 31. Bg5 1-0

[Event "Moscow Petrosian Memorial U18"]
[Site "Moscow"]
[Date "2005.01.??"]
[Round "5"]
[White "Tkachuk, Andrey"]
[Black "Kublashvili, Etery"]
[Result "1/2-1/2"]
[WhiteElo "2087"]
[BlackElo "2069"]
[PlyCount "59"]
[EventDate "2005.01.??"]
[EventType "swiss"]
[EventRounds "9"]
[EventCountry "RUS"]
[SourceTitle "EXT 2006"]
[Source "ChessBase"]
[SourceDate "2005.11.24"]
[SourceVersion "1"]
[SourceVersionDate "2005.11.24"]
[SourceQuality "1"]

1. e4 c5 2. Nf3 d6 3. d4 cxd4 4. Nxd4 Nf6 5. Nc3 a6 6. Bg5 e6 7. Qf3 Be7 8. 0-0-0 Qc7 9. Be2 Nc6 10. Qg3 Bd7 11. Be3 g6 12. f4 b5 13. Bd3 Nb4 14. Be2 Rc8 15. Rd2 Nc6 16. Bf3 Na5 17. e5 dxe5 18. fxe5 Nh5 19. Bxh5 gxh5 20. Ne4 Nc4 21. Qg7 Qxe5 22. Qxe5 Nxe5 23. b3 Ng4 24. Bg5 f6 25. Bh4 f5 26. Bxe7 Kxe7 27. Nf2 Nxf2 28. Rxf2 Kf6 29. Re1 Rhe8 30. Re3 1/2-1/2

[Event "EU-ch U16 Girls"]
[Site "Urgup"]
[Date "2004.07.??"]
[Round "9"]
[White "Djukic, Sandra"]
[Black "Kublashvili, Etery"]
[Result "1-0"]
[WhiteElo "2029"]
[BlackElo "2097"]
[PlyCount "75"]
[EventDate "2004.08.??"]
[EventType "swiss"]
[EventRounds "9"]
[EventCountry "TUR"]
[SourceTitle "EXT 2005"]
[Source "ChessBase"]
[SourceDate "2004.11.15"]
[SourceVersion "1"]
[SourceVersionDate "2004.11.15"]
[SourceQuality "1"]

1. d4 Nf6 2. c4 e6 3. Nc3 Bb4 4. Bg5 c5 5. d5 exd5 6. cxd5 d6 7. f3 Nbd7 8. e4 0-0 9. Bd3 Ne5 10. Be3 Bxc3+ 11. bxc3 Qa5 12. Ne2 Bd7 13. Bg5 Bb5 14. Bxb5 Qxb5 15. 0-0 Rfe8 16. Bxf6 gxf6 17. Ng3 Qa5 18. Qc1 Kh8 19. Qh6 Nd7 20. Nf5 Rg8 21. Nxd6 Rg7 22. Nf5 Rg6 23. Qe3 Ne5 24. Rf2 Nc4 25. Qd3 Ne5 26. Qc2 c4 27. Qd2 Nd3 28. Re2 Qc5+ 29. Qe3 Qc7 30. d6 Qa5 31. Qd4 Ne5 32. Kh1 Qb5 33. Ne7 Rh6 34. Qe3 Rh5 35. Qf4 Nd7 36. Nd5 Rxd5 37. exd5 Qxd5 38. Rae1 1-0

[Event "EU-ch U16 Girls"]
[Site "Urgup"]
[Date "2004.07.??"]
[Round "6"]
[White "Kublashvili, Etery"]
[Black "Kruljac, Petra"]
[Result "1-0"]
[WhiteElo "2097"]
[BlackElo "1910"]
[PlyCount "32"]
[EventDate "2004.08.??"]
[EventType "swiss"]
[EventRounds "9"]
[EventCountry "TUR"]
[SourceTitle "EXT 2005"]
[Source "ChessBase"]
[SourceDate "2004.11.15"]
[SourceVersion "1"]
[SourceVersionDate "2004.11.15"]
[SourceQuality "1"]

1. d4 Nf6 2. c4 c5 3. Nf3 g6 4. Nc3 Bg7 5. e4 cxd4 6. Nxd4 d6 7. Be2 0-0 8. 0-0 Nc6 9. Be3 Bd7 10. f3 Ne8 11. Qd2 Nxd4 12. Bxd4 e5 13. Bf2 Qe7 14. Rad1 Bc6 15. Nd5 Bxd5 16. Qxd5 b6 1-0

[Event "EU-ch U16 Girls"]
[Site "Urgup"]
[Date "2004.07.??"]
[Round "5"]
[White "Saulyte, Gabriele"]
[Black "Kublashvili, Etery"]
[Result "1-0"]
[WhiteElo "1961"]
[BlackElo "2097"]
[PlyCount "107"]
[EventDate "2004.08.??"]
[EventType "swiss"]
[EventRounds "9"]
[EventCountry "TUR"]
[SourceTitle "EXT 2005"]
[Source "ChessBase"]
[SourceDate "2004.11.15"]
[SourceVersion "1"]
[SourceVersionDate "2004.11.15"]
[SourceQuality "1"]

1. d4 Nf6 2. c4 e6 3. Nc3 Bb4 4. Qc2 c5 5. dxc5 Bxc5 6. e3 0-0 7. Nf3 Be7 8. Be2 d6 9. 0-0 a6 10. a3 b6 11. b4 Bb7 12. Bb2 Qc7 13. Rac1 Nbd7 14. Nb1 Rac8 15. Qb3 Qb8 16. Nbd2 Rfd8 17. Nd4 Ne4 18. Nxe4 Bxe4 19. f3 Bb7 20. e4 Bf6 21. Rfd1 Be5 22. g3 g6 23. Ba1 Bg7 24. Qe3 Ba8 25. Nb3 Bxa1 26. Rxa1 Ne5 27. Rac1 b5 28. cxb5 Rxc1 29. Rxc1 axb5 30. Nd4 Qb6 31. Kf2 Nc4 32. Bxc4 bxc4 33. Rxc4 d5 34. exd5 Bxd5 35. Rc5 Qd6 36. Nb5 Qe7 37. a4 Qf6 38. Qc3 Qf5 39. Rc8 Rxc8 40. Qxc8+ Kg7 41. Qc3+ Kg8 42. Nd6 Qh3 43. Kg1 Qh5 44. Kg2 Qg5 45. Ne8 e5 46. a5 Ba8 47. Nd6 e4 48. Qh8+ Kxh8 49. Nxf7+ Kg7 50. Nxg5 exf3+ 51. Nxf3 Kf6 52. Kf2 Ke7 53. Ke3 Kd6 54. Ng5 1-0

[Event "RUS-ch U16 Girls"]
[Site "Dagomys"]
[Date "2004.04.??"]
[Round "4"]
[White "Demerzhan, Lyudmila"]
[Black "Kublashvili, Etery"]
[Result "1-0"]
[WhiteElo "1996"]
[BlackElo "2109"]
[PlyCount "60"]
[EventDate "2004.04.??"]
[EventType "swiss"]
[EventRounds "10"]
[EventCountry "RUS"]
[SourceTitle "EXT 2005"]
[Source "ChessBase"]
[SourceDate "2004.11.15"]
[SourceVersion "1"]
[SourceVersionDate "2004.11.15"]
[SourceQuality "1"]

1. d4 Nf6 2. c4 e6 3. Nc3 Bb4 4. Nf3 c5 5. e3 0-0 6. Bd3 Nc6 7. a3 Bxc3+ 8. bxc3 d6 9. Rb1 b6 10. e4 e5 11. d5 Ne7 12. Nh4 Ng6 13. Nf5 Re8 14. 0-0 h6 15. Bc2 Bxf5 16. exf5 Ne7 17. f4 exf4 18. Bxf4 Qc7 19. Qf3 Rad8 20. Qh3 Nc8 21. Qh4 Ne4 22. Bxh6 Qe7 23. Qg4 Qf6 24. Bxe4 Qxh6 25. f6 Re5 26. Bf5 g6 27. Bxc8 Rg5 28. Qf4 Rxc8 29. Qxd6 Qh3 30. g3 Kh7 1-0